| 000 | 00827nam a2200205Ii 4500 | ||
|---|---|---|---|
| 003 | JO-AjNU | ||
| 008 | 230605s9999||||xx |||||||||||||| ||und|| | ||
| 040 |
_aJO-AjNU _bara _erda _cJO-AjNU |
||
| 041 | _aara | ||
| 050 | 1 | 4 | _aDS63.2 1971 |
| 100 | 3 |
_aصادق، محمد, _eauthor _937858 |
|
| 245 | 0 | 0 | _aالدبلوماسية والمكيافيلية في العلاقات العربية الامريكية خلال عشرين عاما 1947-1967: دراسة وتحليل حول كتاب لعبة الشعوب |
| 250 | _aط1 | ||
| 264 | 3 | 1 | _aد.م: منشورات المعهد الحديث،1971 |
| 300 | _a388ص | ||
| 336 |
_atext _btxt _2rdacontent |
||
| 337 |
_aunmediated _bn _2rdamedia |
||
| 338 |
_avolume _bnc _2rdacarrier |
||
| 650 | 4 |
_aالعلاقات العربية الامريكية -تاريخ 1947-1967 _937859 |
|
| 999 |
_aA15857 _c19425 _d19425 |
||